Welcome to WEB OPAC of MRSPTU Central Library

Natural radioactivity studies in the environs of northern Rajasthan (Record no. 11331)

MARC details
000 -LEADER
fixed length control field 00528nam a22001697a 4500
003 - CONTROL NUMBER IDENTIFIER
control field OSt
005 - DATE AND TIME OF LATEST TRANSACTION
control field 20260407120828.0
008 - FIXED-LENGTH DATA ELEMENTS--GENERAL INFORMATION
fixed length control field 260407b |||||||| |||| 00| 0 eng d
040 ## - CATALOGING SOURCE
Transcribing agency MRSPTU
041 ## - LANGUAGE CODE
Language code of text/sound track or separate title English
100 ## - MAIN ENTRY--PERSONAL NAME
Personal name Amit Kumar Singla, Supervisor: Sandeep Kansal
245 ## - TITLE STATEMENT
Title Natural radioactivity studies in the environs of northern Rajasthan
260 ## - PUBLICATION, DISTRIBUTION, ETC.
Name of publisher, distributor, etc. Department of Physics, MRSPTU, Bathinda
Date of publication, distribution, etc. 2022
650 ## - SUBJECT ADDED ENTRY--TOPICAL TERM
Topical term or geographic name entry element Physics
856 ## - ELECTRONIC LOCATION AND ACCESS
Uniform Resource Identifier <a href="http://163.47.215.52:8080/jspui/handle/123456789/488">http://163.47.215.52:8080/jspui/handle/123456789/488</a>
942 ## - ADDED ENTRY ELEMENTS (KOHA)
Source of classification or shelving scheme Dewey Decimal Classification
Koha item type Theses & Dissertations
Suppress in OPAC No
Holdings
Withdrawn status Lost status Source of classification or shelving scheme Damaged status Not for loan Home library Current library Date acquired Total checkouts Barcode Date last seen Price effective from Koha item type
    Dewey Decimal Classification     MRSPTU Central Library MRSPTU Central Library 04/07/2026   TH695 04/07/2026 04/07/2026 Theses & Dissertations

Website Designed and Developed by MRSPTU Central Library Team

E-mail Id: librarian@mrsptu.ac.in